The industrial revolution, 1760-1830 / (Record no. 1064)

000 -LEADER
fixed length control field 01500nam a22003977a 4500
001 - CONTROL NUMBER
control field 1676731
003 - CONTROL NUMBER IDENTIFIER
control field OSt
005 - DATE AND TIME OF LATEST TRANSACTION
control field 20210426124608.0
008 - FIXED-LENGTH DATA ELEMENTS--GENERAL INFORMATION
fixed length control field 980318t19971968enk b 001 0 eng d
010 ## - LIBRARY OF CONGRESS CONTROL NUMBER
LC control number 98134894
020 ## - INTERNATIONAL STANDARD BOOK NUMBER
International Standard Book Number 0192892894 (pbk.)
035 ## - SYSTEM CONTROL NUMBER
System control number (OCoLC)38743428
040 ## - CATALOGING SOURCE
Original cataloging agency IHS
Transcribing agency IHS
Modifying agency DLC
Language of cataloging eng
041 ## - LANGUAGE CODE
Language code of text/sound track or separate title eng
042 ## - AUTHENTICATION CODE
Authentication code lccopycat
043 ## - GEOGRAPHIC AREA CODE
Geographic area code e-uk---
050 00 - LIBRARY OF CONGRESS CALL NUMBER
Classification number HC254.5
Item number .A78 1997
080 ## - UNIVERSAL DECIMAL CLASSIFICATION NUMBER
Universal Decimal Classification number 94
Item number A-84
100 1# - MAIN ENTRY--PERSONAL NAME
Personal name Ashton, T. S.
Fuller form of name (Thomas Southcliffe)
245 14 - TITLE STATEMENT
Title The industrial revolution, 1760-1830 /
Statement of responsibility, etc. T.S. Ashton ; with a new preface and bibliography by Pat Hudson.
Remainder of title / by: Oxford University Press
250 ## - EDITION STATEMENT
Edition statement 1997 edition
260 ## - PUBLICATION, DISTRIBUTION, ETC.
Place of publication, distribution, etc. Oxford
-- New York
Name of publisher, distributor, etc. Oxford University Press
Date of publication, distribution, etc. 1997.
300 ## - PHYSICAL DESCRIPTION
Extent xiv, 141 p.
Dimensions 20 cm.
365 ## - TRADE PRICE
Price amount 7.99 gbp
504 ## - BIBLIOGRAPHY, ETC. NOTE
Bibliography, etc. note Includes bibliographical references (p. [130]-135) and index.
650 #0 - SUBJECT ADDED ENTRY--TOPICAL TERM
Topical term or geographic name entry element Industrial revolution
Geographic subdivision Great Britain.
650 #0 - SUBJECT ADDED ENTRY--TOPICAL TERM
Topical term or geographic name entry element History
9 (RLIN) 252
651 #0 - SUBJECT ADDED ENTRY--GEOGRAPHIC NAME
Geographic name Great Britain
General subdivision Economic conditions
Chronological subdivision 1760-1860.
653 ## - INDEX TERM--UNCONTROLLED
Uncontrolled term ისტორია
653 ## - INDEX TERM--UNCONTROLLED
Uncontrolled term ინდუსტრიული რევოლუცია
856 42 - ELECTRONIC LOCATION AND ACCESS
Materials specified Publisher description
Uniform Resource Identifier <a href="http://www.loc.gov/catdir/enhancements/fy0605/98134894-d.html">http://www.loc.gov/catdir/enhancements/fy0605/98134894-d.html</a>
856 41 - ELECTRONIC LOCATION AND ACCESS
Materials specified Table of contents only
Uniform Resource Identifier <a href="http://www.loc.gov/catdir/enhancements/fy0605/98134894-t.html">http://www.loc.gov/catdir/enhancements/fy0605/98134894-t.html</a>
906 ## - LOCAL DATA ELEMENT F, LDF (RLIN)
a 7
b cbc
c copycat
d 2
e ncip
f 19
g y-gencatlg
942 ## - ADDED ENTRY ELEMENTS (KOHA)
Source of classification or shelving scheme
Koha item type Books
Holdings
Withdrawn status Lost status Source of classification or shelving scheme Damaged status Not for loan Permanent location Current location Date acquired Inventory number Total Checkouts Full call number Barcode Date last seen Price effective from Koha item type
          Ken Walker International University Ken Walker International University 02/01/2021 2531   94 A-84 2531 02/01/2021 02/01/2021 Books

Powered by Koha